[Event "Cto de Aragon por Equipos D. Honor"]
[Site "?"]
[Date "2020.02.01"]
[Round "2.7"]
[White "Carruez Gracia, Eduardo"]
[Black "Eizaguerri Floris, Maria"]
[Result "0-1"]
[WhiteElo "1885"]
[BlackElo "2014"]
[PlyCount "90"]
[EventDate "2020.01.25"]
[WhiteTeam "Agrupacion B"]
[BlackTeam "Jaime Casas"]

1. e4 c5 2. Nf3 e6 3. b3 d6 4. Bb2 e5 5. Bc4 Be7 6. O-O Nf6 7. c3 O-O 8. Re1
Nc6 9. h3 a6 10. d4 Qc7 11. Nbd2 b5 12. Bd5 Bb7 13. Rc1 Rac8 14. Nf1 g6 15.
dxe5 dxe5 16. c4 Bd6 17. Bxc6 Bxc6 18. Ng3 Rcd8 19. Qd2 Ne8 20. Qh6 f6 21. Nh2
Qg7 22. Qe3 Nc7 23. Ne2 Ne6 24. Nc3 Nd4 25. Nd5 Bxd5 26. cxd5 f5 27. f3 Rc8 28.
Qd3 Qf6 29. Rf1 Qh4 30. Rce1 Qg3 31. Qd2 c4 32. bxc4 bxc4 33. Bc3 Rf7 34. f4
fxe4 35. Rxe4 Bc5 36. Kh1 Qd3 37. Rxe5 Nf5 38. Qxd3 cxd3 39. Rf3 Bd6 40. Rxd3
Bxe5 41. fxe5 Rfc7 42. Bb2 Rc2 43. Ba3 R2c3 44. Rxc3 Rxc3 45. Bb2 Rc2 0-1

[Event "Cto de Aragon por Equipos D. Honor"]
[Site "?"]
[Date "2020.02.01"]
[Round "2.8"]
[White "Lana Rodriguez, David"]
[Black "Baron Rodriguez, Jesus"]
[Result "1-0"]
[WhiteElo "2301"]
[BlackElo "2418"]
[PlyCount "69"]
[EventDate "2020.01.25"]
[WhiteTeam "Agrupacion A"]
[BlackTeam "IberCaja"]

1. e4 e5 2. Nf3 Nc6 3. Bc4 Nf6 4. Ng5 d5 5. exd5 Na5 6. Bb5+ Bd7 7. Qe2 Be7 8.
Nc3 O-O 9. Bxd7 Qxd7 10. O-O Qf5 11. Nge4 Nxe4 12. Nxe4 Rad8 13. c4 b5 14. d3
Qg6 15. Bd2 b4 16. a3 Nb3 17. axb4 f5 18. Nc5 Nd4 19. Qe3 Nc2 20. Qxe5 Bxc5 21.
bxc5 Nxa1 22. Rxa1 f4 23. Bxf4 Qxd3 24. Qxc7 Qxc4 25. Be5 Qg4 26. h3 Qg6 27.
Rxa7 Rfe8 28. Qxg7+ Qxg7 29. Rxg7+ Kf8 30. Rg5 h6 31. Rf5+ Kg8 32. Bc7 Re1+ 33.
Kh2 Ra8 34. d6 Rd1 35. b4 1-0

[Event "Cto de Aragon por Equipos D. Honor"]
[Site "?"]
[Date "2020.02.01"]
[Round "2.9"]
[White "Lopez Gracia, Fernando"]
[Black "Ramon Perez, Jose Luis"]
[Result "1-0"]
[WhiteElo "2293"]
[BlackElo "2220"]
[PlyCount "59"]
[EventDate "2020.01.25"]
[WhiteTeam "IberCaja"]
[BlackTeam "Agrupacion A"]

1. e4 c5 2. c3 g6 3. d4 cxd4 4. cxd4 d5 5. e5 Bg7 6. Nf3 Nh6 7. Bf4 Bg4 8. Bb5+
Nc6 9. Bxc6+ bxc6 10. Nbd2 Qb6 11. b3 O-O 12. O-O c5 13. h3 Bf5 14. dxc5 Qxc5
15. Be3 Qa5 16. a3 Rac8 17. b4 Qa6 18. Bc5 Rfe8 19. Re1 f6 20. Qb3 e6 21. Rac1
g5 22. exf6 Bxf6 23. Nxg5 Rc7 24. Ndf3 Rg7 25. h4 Ng4 26. Nd4 Bxd4 27. Bxd4 Rg6
28. Qxd5 Nf6 29. Bxf6 Rxf6 30. Qd4 1-0

[Event "Cto de Aragon por Equipos D. Honor"]
[Site "?"]
[Date "2020.02.01"]
[Round "2.10"]
[White "Moreno Martin-Viveros, Alvaro"]
[Black "Moreno Gracia, Daniel"]
[Result "0-1"]
[WhiteElo "2160"]
[BlackElo "2307"]
[PlyCount "118"]
[EventDate "2020.01.25"]
[WhiteTeam "Agrupacion A"]
[BlackTeam "IberCaja"]

1. e4 c5 2. Nf3 d6 3. Nc3 a6 4. d4 cxd4 5. Nxd4 Nf6 6. Rg1 g6 7. g4 Bg7 8. g5
Nfd7 9. Be3 O-O 10. Qd2 b5 11. O-O-O Bb7 12. Kb1 Nb6 13. f4 N8d7 14. f5 Ne5 15.
Qf2 b4 16. Nd5 Nxd5 17. exd5 Bxd5 18. f6 exf6 19. Nf5 gxf5 20. Rxd5 Ng4 21. Bb6
Nxf2 22. Bxd8 Re8 23. a4 Re1+ 24. Ka2 Nh3 25. Bxh3 Rxg1 26. Bxf6 Bxf6 27. gxf6
Rg6 28. Rxf5 Re8 29. Bf1 Re5 30. Rf3 a5 31. Bd3 Rh6 32. h3 Re6 33. Rf5 Re5 34.
Rf3 Kf8 35. Kb3 Ke8 36. Kc4 Kd7 37. Bf5+ Kc6 38. Kb3 Kc5 39. Bd7 d5 40. Bg4 d4
41. Ka2 Rg6 42. Bc8 Kd5 43. Rf4 h5 44. Bd7 Re2 45. Bc8 Ke5 46. Rf5+ Ke4 47.
Rxa5 Rxf6 48. Rc5 Rff2 49. Kb3 d3 50. cxd3+ Kd4 51. Rc4+ Kxd3 52. Kxb4 Rxb2+
53. Kc5 Rbc2 54. Ba6 Rf5+ 55. Kb4 Rxc4+ 56. Bxc4+ Kd4 57. a5 Rxa5 58. Bxf7 Rc5
59. h4 Re5 0-1

[Event "Cto de Aragon por Equipos D. Honor"]
[Site "?"]
[Date "2020.02.01"]
[Round "2.11"]
[White "Garcia Vicente, Nieves"]
[Black "Lacruz Algarate, Alvaro"]
[Result "1/2-1/2"]
[WhiteElo "2175"]
[BlackElo "2121"]
[PlyCount "101"]
[EventDate "2020.01.25"]
[WhiteTeam "IberCaja"]
[BlackTeam "Agrupacion A"]

1. d4 e6 2. c4 Nf6 3. Nc3 d5 4. Bg5 Be7 5. e3 Nbd7 6. Nf3 O-O 7. Rc1 a6 8. cxd5
exd5 9. Bd3 c6 10. Qc2 Re8 11. O-O Nf8 12. h3 Ne4 13. Bf4 Ng5 14. Nxg5 Bxg5 15.
Bg3 Re6 16. Bf5 Rh6 17. Bxc8 Rxc8 18. Qf5 Ne6 19. b4 Be7 20. Rb1 Bd6 21. Ne2
Bxg3 22. Nxg3 Nc7 23. Qd3 Re6 24. Ne2 Nb5 25. Nf4 Re8 26. Rfc1 Qe7 27. Qd1 Nd6
28. Rb3 h6 29. a4 Qg5 30. Qh5 Re7 31. b5 axb5 32. axb5 Qxh5 33. Nxh5 g5 34.
Nf6+ Kg7 35. Ng4 Nc4 36. bxc6 bxc6 37. Ra1 c5 38. dxc5 Rxc5 39. Ra6 Nd2 40.
Rbb6 Rc1+ 41. Kh2 Nf1+ 42. Kg1 Nxe3+ 43. Kh2 Nf1+ 44. Kg1 Ne3+ 45. Kh2 Nxg4+
46. hxg4 Ree1 47. Ra2 Re6 48. Rb7 Rd6 49. Kg3 Rc4 50. Rab2 Rf4 51. R2b3 1/2-1/2

[Event "Cto de Aragon por Equipos D. Honor"]
[Site "?"]
[Date "2020.02.01"]
[Round "2.12"]
[White "Dominguez Bujeda, Jesus"]
[Black "Del Rey, Diego"]
[Result "0-1"]
[WhiteElo "2079"]
[BlackElo "2381"]
[PlyCount "82"]
[EventDate "2020.01.25"]
[WhiteTeam "Teruel"]
[BlackTeam "El Olivar"]

1. Nf3 Nf6 2. b3 g6 3. Bb2 Bg7 4. e3 c5 5. c4 O-O 6. Be2 Nc6 7. O-O d5 8. cxd5
Qxd5 9. Nc3 Qf5 10. a3 Rd8 11. d3 b6 12. Qc2 Bb7 13. Rad1 Rac8 14. Qb1 g5 15.
Ba1 g4 16. Nd2 Qg6 17. Nc4 Nd5 18. Nxd5 Rxd5 19. Bxg7 Qxg7 20. Qa1 Qg6 21. f3
b5 22. Nd2 Qe6 23. Kf2 h5 24. f4 f5 25. Nb1 Rd6 26. Qc3 Qd5 27. Rg1 a6 28. Nd2
e5 29. e4 Qd4+ 30. Qxd4 Nxd4 31. fxe5 Re6 32. exf5 Rxe5 33. Ne4 Rxf5+ 34. Ke3
Re8 35. Rgf1 Rfe5 36. Rf4 Nxb3 37. h3 c4 38. Kf2 Bxe4 39. dxc4 Bc2 40. Re1 g3+
41. Kf3 Nd2+ 0-1

[Event "Cto de Aragon por Equipos D. Honor"]
[Site "?"]
[Date "2020.02.01"]
[Round "2.13"]
[White "Villuendas Valero, Adrian"]
[Black "Gomez Calomarde, Saul"]
[Result "1-0"]
[WhiteElo "2265"]
[BlackElo "2030"]
[PlyCount "75"]
[EventDate "2020.01.25"]
[WhiteTeam "El Olivar"]
[BlackTeam "Teruel"]

1. d4 Nf6 2. Bg5 c5 3. d5 e5 4. Nc3 d6 5. e4 Be7 6. Nf3 Bg4 7. Be3 a6 8. h3 Bh5
9. Be2 b5 10. Nd2 Bg6 11. Bf3 h5 12. Ne2 h4 13. a4 Nbd7 14. O-O Bh5 15. Nc3 Rb8
16. axb5 axb5 17. Bxh5 Nxh5 18. Qe2 b4 19. Nb5 Nf4 20. Bxf4 exf4 21. Na7 Ne5
22. Nf3 Bf6 23. Nxe5 Bxe5 24. Nc6 Qc8 25. Nxb8 Qxb8 26. c3 O-O 27. Qd3 g6 28.
Ra4 c4 29. Qe2 bxc3 30. bxc3 Bxc3 31. Rxc4 Be5 32. Qg4 Qd8 33. Rfc1 Bb2 34.
R1c2 Qf6 35. Rc8 Qd4 36. Qxh4 Qd1+ 37. Kh2 f3 38. Rxf8+ 1-0

[Event "Cto de Aragon por Equipos D. Honor"]
[Site "?"]
[Date "2020.02.01"]
[Round "2.14"]
[White "Martin Catalan, Juan Vicente"]
[Black "Hernando Garcia, Antonio"]
[Result "1-0"]
[WhiteElo "1977"]
[BlackElo "2120"]
[PlyCount "119"]
[EventDate "2020.01.25"]
[WhiteTeam "Teruel"]
[BlackTeam "El Olivar"]

1. d4 d5 2. Nf3 Bf5 3. Bf4 c6 4. e3 e6 5. c4 Qb6 6. Qb3 Qxb3 7. axb3 Nd7 8. Nc3
Ngf6 9. Be2 Be7 10. O-O O-O 11. h3 h6 12. g4 Bh7 13. Kh2 a6 14. Rg1 Ne4 15.
Nxe4 dxe4 16. Ne5 Nb6 17. c5 Nd5 18. Bg3 g5 19. Nc4 Rad8 20. Kg2 f5 21. gxf5
exf5 22. Be5 Bg6 23. f4 exf3+ 24. Bxf3 Nf6 25. Bd6 Bxd6 26. Nxd6 Rd7 27. Ra4
Ne8 28. Nc4 Nc7 29. Ne5 Rg7 30. Rb4 Nd5 31. Bxd5+ cxd5 32. Rb6 Kh7 33. Rd6 f4
34. Kf2 fxe3+ 35. Kxe3 Be4 36. Rc1 Rf4 37. c6 bxc6 38. Rcxc6 Rh4 39. Ng4 Rxh3+
40. Kd2 Rf7 41. Rxh6+ Rxh6 42. Rxh6+ Kg7 43. Rxa6 Rf4 44. Ra7+ Kg6 45. Ne5+ Kh5
46. b4 Rf2+ 47. Kc3 Rc2+ 48. Kb3 Rc8 49. b5 Rb8 50. Kb4 g4 51. Nd7 Rd8 52. b6
g3 53. b7 g2 54. Ra1 Kh4 55. b8=Q Rxb8+ 56. Nxb8 Kg3 57. Rg1 Kf2 58. Rxg2+ Bxg2
59. Kc5 Ke3 60. Nc6 1-0

[Event "Cto de Aragon por Equipos D. Honor"]
[Site "?"]
[Date "2020.02.01"]
[Round "2.15"]
[White "Veras Sanz, Marino"]
[Black "Arpa Pardos, Emilio"]
[Result "1/2-1/2"]
[WhiteElo "2076"]
[BlackElo "1907"]
[PlyCount "60"]
[EventDate "2020.01.25"]
[WhiteTeam "El Olivar"]
[BlackTeam "Teruel"]

1. Nf3 Nf6 2. g3 b6 3. Bg2 Bb7 4. d4 e6 5. O-O c5 6. c4 cxd4 7. Nxd4 Bxg2 8.
Kxg2 Nc6 9. Nc3 Nxd4 10. Qxd4 Bc5 11. Qd3 d5 12. cxd5 Nxd5 13. Qb5+ Ke7 14. Rd1
Nxc3 15. bxc3 Qc7 16. Bf4 Qb7+ 17. f3 Rhd8 18. Rd3 f6 19. Rad1 e5 20. Bc1 e4
21. Rxd8 Rxd8 22. Rxd8 Kxd8 23. Qc4 exf3+ 24. exf3 Qe7 25. Qd5+ Ke8 26. Bf4 g5
27. Qa8+ Kd7 28. Qd5+ Ke8 29. Qg8+ Kd7 30. Qd5+ Ke8 1/2-1/2

[Event "Cto de Aragon por Equipos D. Honor"]
[Site "?"]
[Date "2020.02.01"]
[Round "2.16"]
[White "Antonano Fedz-Quincoces, Avelino"]
[Black "Garza Marco, Sergio"]
[Result "1/2-1/2"]
[WhiteElo "2041"]
[BlackElo "2402"]
[PlyCount "95"]
[EventDate "2020.01.25"]
[WhiteTeam "St. Casablanca B"]
[BlackTeam "Helios"]

1. e4 c5 2. Nf3 a6 3. c3 g6 4. d4 cxd4 5. cxd4 d5 6. e5 Nc6 7. Nc3 Bg4 8. Be2
e6 9. O-O Nge7 10. Be3 Bg7 11. Qd2 Nf5 12. Ne1 Bxe2 13. Nxe2 O-O 14. g4 Nxe3
15. Qxe3 f5 16. Qf4 Qb6 17. Rd1 Qxb2 18. Rd2 Qa3 19. g5 Rac8 20. Nd3 Qe7 21.
Rb1 Rc7 22. Rdb2 b5 23. Nec1 Na5 24. Nb3 Nc4 25. Re2 Na3 26. Rc1 Rxc1+ 27.
Nbxc1 Rc8 28. Nb3 Kf7 29. Nbc5 a5 30. Re3 b4 31. Rh3 Rh8 32. Qc1 Nb5 33. Qe3
Nc3 34. Kf1 Nb5 35. Nf4 Nc7 36. Rg3 Rb8 37. Rh3 Kg8 38. Qg3 Bxe5 39. Nxg6 hxg6
40. Qxe5 Qg7 41. Nd7 Qxe5 42. dxe5 Rb7 43. Nf6+ Kf7 44. Rh7+ Kf8 45. Rd7 a4 46.
Rd8+ Ke7 47. Rd7+ Kf8 48. Nh7+ 1/2-1/2

[Event "Cto de Aragon por Equipos D. Honor"]
[Site "?"]
[Date "2020.02.01"]
[Round "2.17"]
[White "Cerrajeria Ruiz, Jesus Maria"]
[Black "Ayensa Garcia, Miguel Angel"]
[Result "1-0"]
[WhiteElo "2158"]
[BlackElo "1970"]
[PlyCount "89"]
[EventDate "2020.01.25"]
[WhiteTeam "Helios"]
[BlackTeam "St. Casablanca B"]

1. g3 c5 2. Bg2 g6 3. Nf3 Bg7 4. O-O Nc6 5. d3 Nf6 6. c4 O-O 7. Nc3 d6 8. a3
Rb8 9. Rb1 Bd7 10. b4 b6 11. b5 Nd4 12. Nxd4 cxd4 13. Na2 Qc8 14. Nb4 e5 15.
Qa4 Rb7 16. Qa6 Rc7 17. Bg5 Qxa6 18. Nxa6 Rcc8 19. Bb7 Rcd8 20. Kg2 h6 21. Bxf6
Bxf6 22. Nb4 Be6 23. Bd5 Rc8 24. Nc6 Rc7 25. Bxe6 fxe6 26. e4 dxe3 27. fxe3 a5
28. a4 Kg7 29. d4 exd4 30. exd4 e5 31. dxe5 Bxe5 32. Rxf8 Kxf8 33. Rf1+ Kg7 34.
Rf3 h5 35. Kf2 Rd7 36. Ke3 Bf6 37. Ke4 h4 38. g4 Be5 39. h3 Rc7 40. Kd5 g5 41.
Rf5 Bf4 42. Ke6 Rc8 43. Rf7+ Kh8 44. Ne7 Rxc4 45. Kf6 1-0

[Event "Cto de Aragon por Equipos D. Honor"]
[Site "?"]
[Date "2020.02.01"]
[Round "2.18"]
[White "Sanjulian Arruga, Pablo"]
[Black "Lorente Melcon, Nicolas"]
[Result "1-0"]
[WhiteElo "1961"]
[BlackElo "1673"]
[PlyCount "59"]
[EventDate "2020.01.25"]
[WhiteTeam "St. Casablanca B"]
[BlackTeam "Helios"]

1. c4 e5 2. Nc3 Nc6 3. Nf3 Bc5 4. g3 d6 5. Bg2 Nge7 6. e3 f6 7. d4 Bb6 8. h3 a6
9. O-O Bf5 10. d5 Nb8 11. e4 Bd7 12. Kh2 h5 13. h4 Qc8 14. Qe2 Bg4 15. Be3 Nd7
16. Na4 g5 17. Qd2 Ng6 18. Nxg5 fxg5 19. Bxg5 Ndf8 20. Rac1 Nh7 21. c5 dxc5 22.
Nxc5 Qb8 23. f3 Bd7 24. Nxd7 Kxd7 25. Bh3+ Ke8 26. d6 cxd6 27. Rc8+ Qxc8 28.
Bxc8 Rxc8 29. Qxd6 Rc6 30. Qb8+ 1-0

[Event "Cto de Aragon por Equipos D. Honor"]
[Site "?"]
[Date "2020.02.01"]
[Round "2.19"]
[White "Lorente Melcon, Maximo"]
[Black "Lazaro Abadias, Andres"]
[Result "1-0"]
[WhiteElo "1661"]
[BlackElo "1528"]
[PlyCount "59"]
[EventDate "2020.01.25"]
[WhiteTeam "Helios"]
[BlackTeam "St. Casablanca B"]

1. e4 c5 2. Nc3 e6 3. f4 d6 4. Bb5+ Bd7 5. Bc4 a6 6. a4 Bc6 7. d3 Nd7 8. Nf3
Ngf6 9. O-O Be7 10. f5 e5 11. Qe1 Qc7 12. Bg5 O-O 13. a5 Rfe8 14. Qg3 Ra7 15.
Bxf6 Bxf6 16. Ng5 Bxg5 17. Qxg5 Nf6 18. Rf3 h6 19. Qh4 b5 20. axb6 Qxb6 21. Ra2
Rea8 22. Rh3 Bb5 23. g4 Nh7 24. Nd5 Qb7 25. f6 Ng5 26. Ne7+ Kf8 27. Qxg5 gxf6
28. Qxf6 Bxc4 29. Rxh6 Ke8 30. Qxd6 1-0

[Event "Cto de Aragon por Equipos D. Honor"]
[Site "?"]
[Date "2020.02.01"]
[Round "2.20"]
[White "Gavin Roche, Enrique"]
[Black "Palacios Herrero, Pablo"]
[Result "0-1"]
[WhiteElo "2228"]
[BlackElo "2221"]
[PlyCount "150"]
[EventDate "2020.01.25"]
[WhiteTeam "ONCE C. A. Aragon"]
[BlackTeam "Palacio De Pioneros A"]

1. d4 d5 2. c4 e6 3. Nc3 Bb4 4. e3 Nf6 5. Nge2 dxc4 6. a3 Ba5 7. Qa4+ c6 8.
Qxc4 O-O 9. g3 e5 10. Bg2 Be6 11. Qd3 Nbd7 12. b4 Bc7 13. Qc2 Re8 14. O-O h5
15. b5 Rc8 16. bxc6 bxc6 17. Rd1 Nd5 18. Rb1 Qe7 19. Rb7 Nxc3 20. Qxc3 Bg4 21.
f3 Be6 22. d5 Bxd5 23. Rxc7 Rxc7 24. Rxd5 cxd5 25. Qxc7 Nb6 26. Qc2 Rc8 27. Qd3
Qc5 28. Kf2 Nc4 29. Bf1 a5 30. Nc3 Nxe3 31. Bxe3 d4 32. Nb5 dxe3+ 33. Qxe3 Qd5
34. Bd3 g6 35. h4 Kg7 36. Qe4 Qe6 37. Qe3 Qd5 38. Ke2 Rb8 39. a4 Rc8 40. Kf2
Qa2+ 41. Be2 Qxa4 42. Qxe5+ Kg8 43. Nd6 Rc2 44. Ne4 Qc6 45. Nf6+ Kf8 46. Nd5
Qc5+ 47. Kg2 Rxe2+ 48. Qxe2 Qxd5 49. Qb2 Kg8 50. Qb8+ Kh7 51. Qa7 Kg7 52. Qb6
a4 53. Qb4 Qb3 54. Qd4+ Kh7 55. f4 a3 56. Qa7 Qd5+ 57. Kh2 a2 58. f5 gxf5 59.
Qa3 Qd2+ 60. Kh3 Qe2 61. Qa7 Qf1+ 62. Kh2 Qe2+ 63. Kh3 Kg6 64. Qb6+ Qe6 65. Qa5
f4+ 66. Kg2 Qe2+ 67. Kg1 Qd1+ 68. Kf2 fxg3+ 69. Ke3 a1=Q 70. Qg5+ Kh7 71. Qf5+
Kg8 72. Qg5+ Kf8 73. Qc5+ Ke8 74. Qb5+ Qd7 75. Qb8+ Qd8 0-1

[Event "Cto de Aragon por Equipos D. Honor"]
[Site "?"]
[Date "2020.02.01"]
[Round "2.21"]
[White "Romero Pallares, Daniel"]
[Black "Laliena Solanes, Luis"]
[Result "0-1"]
[WhiteElo "2184"]
[BlackElo "2185"]
[PlyCount "114"]
[EventDate "2020.01.25"]
[WhiteTeam "Palacio De Pioneros A"]
[BlackTeam "ONCE C. A. Aragon"]

1. e4 c5 2. Nf3 Nc6 3. Bb5 e6 4. O-O Nge7 5. Re1 Nd4 6. Nxd4 cxd4 7. c3 a6 8.
Bf1 Nc6 9. d3 Bc5 10. Qh5 d6 11. Bg5 Qd7 12. Nd2 O-O 13. Bh4 e5 14. Kh1 f6 15.
a4 Rb8 16. Be2 Qe7 17. Bd1 Be6 18. Bb3 Bxb3 19. Nxb3 Ba7 20. Qe2 Rfc8 21. Rec1
Qe6 22. c4 Bc5 23. Qd1 b6 24. f3 Na5 25. Nxa5 bxa5 26. Rcb1 Bb4 27. b3 Qd7 28.
Ra2 Qb7 29. Be1 Rc6 30. Bxb4 Qxb4 31. Qd2 Qc3 32. Rc2 Qxd2 33. Rxd2 Kf7 34. Kg1
Ke6 35. Kf2 Rcb6 36. Rdb2 f5 37. Ke2 fxe4 38. fxe4 Kd7 39. Kd2 Kc6 40. Kc2 Rf8
41. Rd1 Kc5 42. Rbb1 Rb7 43. Rd2 Kb4 44. Kb2 Rbf7 45. Rc1 Rf1 46. Rcc2 Kc5 47.
h3 h5 48. Ka2 g5 49. g4 hxg4 50. hxg4 Rg1 51. Rh2 Rff1 52. Rcf2 Rxf2+ 53. Rxf2
Kb4 54. Rc2 Kc5 55. Rf2 Rxg4 56. Rf8 Kb4 57. Rb8+ Kc3 0-1

[Event "Cto de Aragon por Equipos D. Honor"]
[Site "?"]
[Date "2020.02.01"]
[Round "2.22"]
[White "Cobo Garrido, Diego Israel"]
[Black "Baquedano Coarasa, Pablo"]
[Result "0-1"]
[WhiteElo "2068"]
[BlackElo "2163"]
[PlyCount "48"]
[EventDate "2020.01.25"]
[WhiteTeam "ONCE C. A. Aragon"]
[BlackTeam "Palacio De Pioneros A"]

1. e4 c5 2. Nf3 d6 3. d4 cxd4 4. Nxd4 Nf6 5. Nc3 a6 6. f4 e5 7. Nf3 Nbd7 8. Bd3
b5 9. O-O Be7 10. Qe1 O-O 11. Ne2 Re8 12. Ng3 Nc5 13. Kh1 Bf8 14. Nh4 exf4 15.
Bxf4 Bb7 16. Bg5 Re6 17. Rd1 h6 18. Be3 Nfxe4 19. Nxe4 Nxe4 20. c4 Qe8 21. cxb5
axb5 22. Qb4 d5 23. Qxb5 Qxb5 24. Bxb5 Nd6 0-1

[Event "Cto de Aragon por Equipos D. Honor"]
[Site "?"]
[Date "2020.02.01"]
[Round "2.23"]
[White "Dan, Teodor"]
[Black "Fuertes Garay, Javier"]
[Result "1-0"]
[WhiteElo "2094"]
[BlackElo "1987"]
[PlyCount "53"]
[EventDate "2020.01.25"]
[WhiteTeam "Palacio De Pioneros A"]
[BlackTeam "ONCE C. A. Aragon"]

1. d4 Nf6 2. c4 e6 3. Nc3 Bb4 4. Qc2 c5 5. dxc5 Na6 6. a3 Bxc3+ 7. Qxc3 Nxc5 8.
b4 Nce4 9. Qd4 d5 10. e3 O-O 11. Bb2 b6 12. Be2 Bb7 13. cxd5 Qe7 14. f3 Nd6 15.
e4 Nfe8 16. dxe6 Qxe6 17. Nh3 Rc8 18. O-O Nc4 19. Nf4 Qh6 20. Bxc4 Qxf4 21.
Rfd1 Nf6 22. Bb3 Qg5 23. Qd2 Qg6 24. Rac1 h5 25. Qf4 Rfd8 26. Rxc8 Rxc8 27. Rd6
1-0

[Event "Cto de Aragon por Equipos D. Honor"]
[Site "?"]
[Date "2020.02.01"]
[Round "2.24"]
[White "Cifuentes Parada, Roberto"]
[Black "Sacristan Latorre, Alberto"]
[Result "1-0"]
[WhiteElo "2428"]
[BlackElo "2109"]
[PlyCount "41"]
[EventDate "2020.01.25"]
[WhiteTeam "Jaque"]
[BlackTeam "Palacio De Pioneros B"]

1. d4 Nf6 2. Nf3 b5 3. g3 Bb7 4. Bg2 e6 5. O-O c5 6. c3 Be7 7. Bg5 Na6 8. a4 b4
9. Qd3 O-O 10. Bxf6 gxf6 11. Ng5 fxg5 12. Bxb7 c4 13. Qxc4 d5 14. Qd3 Rb8 15.
Bxa6 Qa5 16. Nd2 b3 17. e4 Rfd8 18. exd5 exd5 19. Rfe1 Bf8 20. Bb5 Rd6 21. Qf5
1-0

[Event "Cto de Aragon por Equipos D. Honor"]
[Site "?"]
[Date "2020.02.01"]
[Round "2.26"]
[White "Ereza Vizcarra, Fernando"]
[Black "Colom Sienes, Eduardo"]
[Result "1/2-1/2"]
[WhiteElo "2097"]
[BlackElo "2074"]
[PlyCount "132"]
[EventDate "2020.01.25"]
[WhiteTeam "Jaque"]
[BlackTeam "Palacio De Pioneros B"]

1. Nf3 Nf6 2. d4 g6 3. c4 c5 4. Nc3 Bg7 5. e4 d6 6. Be3 O-O 7. h3 Nc6 8. Be2 a6
9. O-O cxd4 10. Nxd4 e6 11. Qc2 Qc7 12. Rad1 Rd8 13. Nd5 exd5 14. cxd5 Nxd4 15.
Qxc7 Nxe2+ 16. Kh1 Bd7 17. Rfe1 Bb5 18. Rd2 Rac8 19. Qa5 Nc1 20. Bd4 Nd3 21.
Re3 Ne5 22. Bxe5 dxe5 23. Rc2 Bf8 24. Rc7 Bd6 25. Rxc8 Rxc8 26. Qb6 Rc1+ 27.
Kh2 Ne8 28. Rc3 Rxc3 29. bxc3 f5 30. f3 fxe4 31. fxe4 Bd3 32. Qe3 Bc4 33. a4
Nf6 34. g4 Nd7 35. Qg5 Nc5 36. Qd8+ Bf8 37. d6 Be6 38. g5 Bd7 39. Qc7 Bc6 40.
a5 Nd7 41. h4 Kf7 42. Qd8 Bb5 43. Kg3 Bc6 44. Qa8 Bxd6 45. Qh8 Bf8 46. Qxh7+
Bg7 47. h5 Nf8 48. hxg6+ Nxg6 49. Kf3 Ne7 50. Ke3 Bb5 51. Qh5+ Ng6 52. Qf3+ Nf4
53. Qg4 Ne6 54. g6+ Ke7 55. Qh4+ Kd6 56. Qh2 Ke7 57. Qa2 Bc6 58. Qg2 Bh6+ 59.
Kf2 Bg7 60. Qf3 Nf4 61. Ke3 Be8 62. Qg4 Ne6 63. Kd3 Bxg6 64. Qh4+ Kd6 65. Kc4
Be8 66. Kb4 Bc6 1/2-1/2

[Event "Cto de Aragon por Equipos D. Honor"]
[Site "?"]
[Date "2020.02.01"]
[Round "2.27"]
[White "Caballero Ortin, Jorge"]
[Black "Gonzalez Gambau, Jorge"]
[Result "1-0"]
[WhiteElo "1624"]
[BlackElo "2092"]
[PlyCount "69"]
[EventDate "2020.01.25"]
[WhiteTeam "Palacio De Pioneros B"]
[BlackTeam "Jaque"]

1. e4 c6 2. c4 d5 3. exd5 cxd5 4. d4 Nf6 5. Nc3 Nc6 6. Nf3 Bg4 7. cxd5 Nxd5 8.
Bc4 e6 9. Nxd5 exd5 10. Be2 Bb4+ 11. Bd2 Qb6 12. O-O O-O 13. Be3 Rfe8 14. a3
Bd6 15. Qd2 Na5 16. Qd3 Nc4 17. Ng5 Bxe2 18. Qxh7+ Kf8 19. Rfe1 Nxe3 20. fxe3
Ke7 21. Qxg7 Bxh2+ 22. Kxh2 Qf6 23. Qxf7+ Qxf7 24. Nxf7 Bd3 25. Ne5 Be4 26. g4
Rh8+ 27. Kg3 Rh6 28. Rac1 Rah8 29. Rc7+ Ke6 30. Rf1 Rh3+ 31. Kf2 Rf8+ 32. Ke2
Rh2+ 33. Ke1 Rxf1+ 34. Kxf1 Rxb2 35. g5 $138 1-0

[Event "Cto de Aragon por Equipos D. Honor"]
[Site "?"]
[Date "2020.02.01"]
[Round "2.28"]
[White "Cid Royo, Jonathan"]
[Black "Abril Avellanas, Eduardo"]
[Result "1/2-1/2"]
[WhiteElo "2219"]
[BlackElo "2175"]
[PlyCount "71"]
[EventDate "2020.01.25"]
[WhiteTeam "L'Aurora"]
[BlackTeam "Atletismo Huesca"]

1. e4 e6 2. d4 d5 3. e5 c5 4. c3 Qb6 5. Nf3 Nc6 6. a3 c4 7. g3 Bd7 8. h4 O-O-O
9. Bh3 Na5 10. Nbd2 f5 11. O-O Be7 12. Re1 Nh6 13. Ng5 Rdf8 14. Nf1 Bxg5 15.
Bxg5 Nf7 16. Be7 Re8 17. Bb4 Nb3 18. Rb1 Ba4 19. Nd2 a5 20. Bc5 Qc6 21. Nxb3
Bxb3 22. Qd2 g6 23. Bg2 h6 24. Bf3 b6 25. Bd6 Kd7 26. Bd1 Qa4 27. Ra1 Bxd1 28.
Rexd1 Rc8 29. Kg2 Qc6 30. a4 Nxd6 31. exd6 Qxd6 32. Rab1 g5 33. hxg5 f4 34.
Qxf4 Qxf4 35. gxf4 Rhg8 36. Rg1 1/2-1/2

[Event "Cto de Aragon por Equipos D. Honor"]
[Site "?"]
[Date "2020.02.01"]
[Round "2.29"]
[White "Luis Vitalla, Fernando"]
[Black "Cid Royo, Oscar"]
[Result "1-0"]
[WhiteElo "2115"]
[BlackElo "2021"]
[PlyCount "47"]
[EventDate "2020.01.25"]
[WhiteTeam "Atletismo Huesca"]
[BlackTeam "L'Aurora"]

1. Nf3 d5 2. c4 c6 3. b3 Nf6 4. Bb2 g6 5. e3 Bg7 6. Be2 O-O 7. O-O b6 8. d3 Bb7
9. Nbd2 Nbd7 10. Rc1 Re8 11. cxd5 Nxd5 12. Bxg7 Kxg7 13. d4 c5 14. Bb5 cxd4 15.
Nxd4 e5 16. Bc6 exd4 17. Bxb7 dxe3 18. Nc4 e2 19. Qd4+ N7f6 20. Rfe1 Nb4 21.
Nd6 Re6 22. Qxb4 Rxd6 23. Bxa8 Rd1 24. Bf3 1-0

[Event "Cto de Aragon por Equipos D. Honor"]
[Site "?"]
[Date "2020.02.01"]
[Round "2.30"]
[White "Pellicer Cerezuela, Miguel"]
[Black "Salamero Pelay, Fernando"]
[Result "1-0"]
[WhiteElo "2009"]
[BlackElo "2075"]
[PlyCount "49"]
[EventDate "2020.01.25"]
[WhiteTeam "L'Aurora"]
[BlackTeam "Atletismo Huesca"]

1. d4 g6 2. Nf3 Bg7 3. e3 d6 4. Bd3 e5 5. O-O Ne7 6. c3 O-O 7. Na3 Nbc6 8. dxe5
Nxe5 9. Nxe5 Bxe5 10. e4 d5 11. Bg5 dxe4 12. Bxe4 Qxd1 13. Raxd1 Nf5 14. Nc4
Bg7 15. Bf4 Be6 16. Na5 Bxa2 17. Bxb7 Rae8 18. Ra1 Be6 19. Bxc7 Re7 20. Bf4 Rd7
21. Bc6 Rd3 22. Be4 Rd7 23. Nc6 Rb7 24. Nb4 Re7 25. Bxf5 1-0

[Event "Cto de Aragon por Equipos D. Honor"]
[Site "?"]
[Date "2020.02.01"]
[Round "2.31"]
[White "Gella Bitrian, Diego"]
[Black "Fuentes Espuna, Juan Antonio"]
[Result "0-1"]
[WhiteElo "2068"]
[BlackElo "1963"]
[PlyCount "146"]
[EventDate "2020.01.25"]
[WhiteTeam "Atletismo Huesca"]
[BlackTeam "L'Aurora"]

1. e4 c5 2. Nf3 Nc6 3. d4 cxd4 4. Nxd4 g6 5. Nc3 Bg7 6. Be3 d6 7. Qd2 Nf6 8. f3
O-O 9. Bc4 Na5 10. Bb3 Nxb3 11. axb3 Bd7 12. O-O-O a5 13. g4 a4 14. g5 Nh5 15.
bxa4 Bxa4 16. Nde2 Bd7 17. Ng3 Qa5 18. Bd4 Bxd4 19. Qxd4 Qxg5+ 20. Qd2 Qxd2+
21. Rxd2 Nf4 22. e5 d5 23. Rd4 Ne6 24. Rxd5 Bc6 25. Rd3 Ng5 26. Nd5 Bxd5 27.
Rxd5 Nxf3 28. Kb1 e6 29. Rb5 Rfd8 30. Ne4 Rd4 31. Nf6+ Kg7 32. c3 Rd2 33. Rxb7
Nxe5 34. Ne4 Rg2 35. Nc5 Kg8 36. h4 h5 37. Ne4 Rd8 38. Rf1 Re2 39. Ng5 Rf8 40.
Rf4 Rd2 41. Ne4 Rg2 42. Nd6 Rg4 43. Rfb4 Rd8 44. Ne4 Kg7 45. Ng5 Kf6 46. Nh7+
Kf5 47. R4b5 Rd5 48. Rb4 Rxb4 49. Rxb4 f6 50. Kc2 g5 51. hxg5 fxg5 52. Rb8 Ng6
53. c4 Rd7 54. Nf8 Nxf8 55. Rxf8+ Ke4 56. Rg8 Kf4 57. c5 h4 58. b4 h3 59. Rh8
g4 60. c6 Rc7 61. b5 g3 62. Rxh3 g2 63. Rh4+ Kg5 64. Rh8 Rg7 65. b6 g1=Q 66. b7
Qc5+ 67. Kd1 Rxb7 68. Rg8+ Kf5 69. cxb7 Qd5+ 70. Ke2 Qxb7 71. Rf8+ Ke4 72. Rg8
Qb2+ 73. Ke1 e5 0-1